000 00817nam a2200265 a 4500
003 AR-BaBNM
005 20251128203821.0
008 082120s2002 ||||||||||||||000 | spa||
040 _cAR-BaBNM
100 1 _aDuquet, Pierre
245 0 0 _aLos recortes pegados en el arte infantil
_bpapel trozado, papel alquitranado, pegados murales, mosaicos, sombras chinescas, vitrales, tapices pegados
260 _aBuenos Aires
_bKapelusz
_c1962
300 _a107 p.
_bil., diagr., láms.
490 0 _aTécnicas de la Educación Artística
650 4 _aEDUCACION ARTISTICA
650 4 _aDIBUJO
650 4 _aMETODOS DE ENSEÑANZA
650 4 _aGRAFICOS
650 4 _aCOLOR
653 _aEDUCACION PRIMARIA
653 _aTRABAJO MANUAL
700 1 _aThomas, Juan Jorge
_etraductor
942 _cBK
998 _cSILVI
999 _c5028
_d5028